000 00528nam a2200217Ia 4500
003 OSt
005 20220916110929.0
006 a|||||r|||| 00| 0
007 ta
008 Pun
024 _a10,059
037 _cTextbook
040 _bPun
_aARTS
_cARTS
041 _aPun
082 _aO153,1:g, J6
245 0 _aਪੰਜਾਬੀ ਦੁਨੀਆ : Fਿੰਗਾਰ ਅੰਕ
260 _c1956
650 _aਪੰਜਾਬੀ ਸਾਹਿਤ
942 _hO153,1:g, J6
_cTB
_2CC
999 _c101655
_d101655